Statistiken für 50 bekannte deutsche Persönlichkeiten

Klicken Sie hier um das Quiz zu spielen!

Allgemein

  • Dieses Quiz wurde 444 mal gespielt
  • Das Durchschnittsergebnis liegt bei 23 aus 50

Antwortstatistiken

HintAntwort% Korrekt
Jüdisches Mädchen, führte Tagebuch, Opfer des HolocaustAnne Frank
87%
Dichter, Erlkönig, Faust, Die Leiden des jungen WertherJohann Wolfgang von Goethe
85%
Physiker, Entwickler der RelativitätstheorieAlbert Einstein
84%
Komponist, Mondscheinsonate, 9 SinfonienLudwig van Beethoven
84%
Fernsehmoderator, Wer Wird Millionär?Günther Jauch
83%
Radio- und Fernsehmoderator, "Wetten, dass..?" ab 1987Thomas Gottschalk
78%
Entertainer, TV Total, 2000 beim ESCStefan Raab
77%
Musiker, Sonderzug nach Pankow, CelloUdo Lindenberg
77%
Sänger, Mit 66 Jahren, Griechischer WeinUdo Jürgens
76%
Erfinder des BuchdrucksJohannes Gutenberg
74%
Designer und Modeschöpfer, langer weißer ZopfKarl Lagerfeld
72%
ehemaliger Bundeskanzler, Kniefall im Warschauer GhettoWilly Brandt
72%
Schriftsteller, Die Räuber, Kabale und LiebeFriedrich Schiller
68%
Tennisspielerin, erste und einzige Gewinnerin des Golden SlamSteffi Graf
67%
Erster deutscher Papst seit Ende des MittelaltersBenedikt XVI.
65%
Autor des kommunistischen Manifests, Das KapitalKarl Marx
63%
Widerstandskämpferin im Dritten Reich, "Weiße Rose"Sophie Scholl
58%
Philosoph, Kategorischer Imperativ, Kritik der reinen VernunftImmanuel Kant
53%
Komiker, „Pappa ante portas“, "Das Frühstücksei", "Weihnachten bei Hoppenstedts"Loriot / Vicco von Bülow
51%
Erster und einziger deutscher Tour de France-SiegerJan Ullrich
47%
Baron, prägte eine Vielzahl an LügengeschichtenBaron von Münchhausen
46%
Politiker, Gründer der FDJ, Vorsitzender SED-Zentralkomitee von 1976-1989Erich Honecker
46%
Fußballspieler, Siegtreffer im WM-Endspiel 1954 in BernHelmut Rahn
46%
Komponist, Goldberg-Variationen, Wohltemperiertes KlavierJohann Sebastian Bach
46%
Eiskunstläuferin, DDR, vierfache WeltmeisterinKatharina Witt
44%
Schauspieler, häufige Wutausbrüche, FitzcarraldoKlaus Kinski
44%
Unternehmer, Gründer von HariboHans Riegel
42%
Linksterroristin, mit Andreas Baader Kopf der 1. Generation der RAFUlrike Meinhof
39%
Politiker, Vorsitzender SED-Zentralkomitee, "Niemand hat die Absicht, eine Mauer zu errichten"Walter Ulbricht
38%
Dichter, Nathan der Weise, Emilia GalottiGotthold Ephraim Lessing
37%
Sänger, Santa Maria, über 90 Millionen verkaufte TonträgerRoland Kaiser
35%
Mathematiker, Physiker und Astronom, NormalverteilungCarl Friedrich Gauß
34%
Maler, Der Wanderer über dem NebelmeerCaspar David Friedrich
34%
Rechenmeister, deutsche Rechenbücher, verewigt in einer RedewendungAdam Riese
31%
Vater der Genetik, KreuzungsversucheGregor Johann Mendel
31%
Erster und einziger deutscher Weltmeister im SchwergewichtsboxenMax Schmeling
29%
Hollywood-Ikone, Das Urteil von Nürnberg, Der Blaue EngelMarlene Dietrich
28%
Dichter, Das Lied der DeutschenAugust Heinrich Hoffmann von Fallersleben
27%
Politischer Aktivist, Wortführer der 68er-BewegungRudi Dutschke
24%
Römisch-deutscher Kaiser im 11. Jahrhundert, Gang nach CanossaHeinrich IV.
22%
Der erste Deutsche im AllSigmund Jähn
22%
Schriftsteller, Der Hessische Landbote, WoyzeckGeorg Büchner
20%
Physiker, Vater der Kernspaltung, ebnet Weg für AtombombeOtto Hahn
20%
Schriftsteller, Die verlorene Ehre der Katharina Blum, "Wanderer, kommst du nach Spa..."Heinrich Böll
15%
Komponist der Romantik, Ungarische TänzeJohannes Brahms
12%
Erfinder der Differential- und IntegralrechnungGottfried Wilhelm Leibniz
11%
Chemiker, Entwicklung von AspirinFelix Hoffmann
10%
Erster und einziger deutscher SchachweltmeisterEmanuel Lasker
8%
Philosoph, führender Kopf der Frankfurter Schule zusammen mit AdornoMax Horkheimer
8%
Leichtathlet, 7-facher deutscher Meister, im 2. Weltkrieg gefallenRudolf Harbig
2%

Verteilung der Resultate

Perzentil nach korrekt beantworteten Fragen

Anzahl Personen mit jedem Resultat

Ihre Resultats-Entwicklung

Sie haben dieses Quiz noch nicht gespielt